Представление документа в формате RUSMARC

ПолеНазваниеЗначение
  Тип записи a
  Библиографический уровень m
001 Контрольный номер UONB/MAIN/fd397b549bbd4032a46d4aa096a4b932
005 Дата корректировки 20260701170657.7
010 Индекс ISBN __
a ISBN 5-3020-00469-9
b Уточнения в пер.
9 Тираж 7100 экз.
100 Данные общей обработки __
a Данные общей обработки 20250214d2003 u u0rusy0189 ca
101 Язык документа 0_
a Язык текста rus
102 Страна публикации __
a Страна публикации RU
105 Кодированные данные (монография) __
a Кодированные данные (монография) a z 000yy
200 Заглавие и сведения об ответственности 1_
a Заглавие Характер и судьба
e Сведения, относящиеся к заглавию определи к кому из 16 типов людей ты относишься
f Первые сведения об ответственности Глеб и Ирина Николау
203 Вид содержания и тип средства __
a Вид содержания Текст
b Характеристика содержания визуальный
c Тип средства непосредственный
210 Выходные данные 1_
a Место издания Москва
c Издательство Локид-Пресс
d Дата издания 2003
215 Физическое описание __
a Объем 456, [8] с.
d Формат 22 см
c Иллюстрации/тип воспроизводства ил., табл.
333 Примечание о целевом назначении __
a Примечание о целевом назначении 12+
606 Тематические рубрики 0_
a Основная рубрика Характер
x Основная подрубрика Психоанализ
610 Ключевые слова 0_
a Ключевые слова характер; психоанализ характера; теория типов характера; особенности характера
686 Индексы других классификаций __
2 Код системы rubbk
a Классификационный индекс 88.372.6
700 Автор _1
a Фамилия Николау
b Имя (инициалы) Г.
g Полное личное имя Глеб
701 Альтернативная интеллектуальная ответственность _1
a Фамилия Николау
b Имя (инициалы) И.
g Полное личное имя Ирина
801 Источник записи _0
a Страна RU
b Организация Ульяновская ОНБ
c Дата составления 20250214
g Правила каталогизации RCR
801 Источник записи _1
a Страна RU
b Организация Ульяновская ОНБ
c Дата составления 20250214
g Правила каталогизации RCR
900 Электронные ресурсы __
a Имя электронного ресурса РКС0451
900 Электронные ресурсы __
a Имя электронного ресурса РКС0452
901 Тип документа __
t Тип документа m
909 Создатель записи __
a Создатель записи Седова
b Дата создания записи 20260626